000 04473nam a2200313 a 4500
001 000027301
003 DO-SdBNP
005 20240627131921.0
006 a||||gr|||| 00| 0
007 ta
008 110301e1969 dr 000 e spa d
040 _aDO-SdBNP
_bspa
_cBNPHU
_erda
082 4 _bP592r 1969.
_222
100 1 _aPichardo, Bernardo,
_d1877-1924
_926162
245 1 0 _aResumen de historia patria /
_cBernardo Pichardo; noticias biográficas por Emilio Rodríguez Demorizi.
250 _a5a edición
264 _aSanto Domingo :
_bDel Caribe,
_c1969
300 _a437 páginas ;
_c21 cm.
336 _2rdacontet
_atexto
_btxt
337 _2rdamedia
_asin mediación
_bn
338 _2rdacarrier
_avolumen
_bnc
490 _aPensamiento Dominicano ;
_v31
500 _aIncluye datos biográficos del autor en la página 7.
501 _aIncluye notas al pie de las páginas.
505 _aBernardo Pichardo.-- Noticia Biográfica.-- Advertencia.
_gResumen de la Historia de Santo Domingo.
_tCapítulo I.- Descubrimiento de América por Cristóbal Colón.-- Capítulo II.- El primer viaje de Colón.-- Capítulo II.- El primer viaje de Colón.-- Capítulo III.- Descubrimiento de nuestra Isla.-- Capítulo IV.- Estado de la Isla en los días de su descubrimiento y costumbres de sus habitantes.-- Capítulo V.- Conquista.-- Capítulo VI. Viaje de Colón al interior.-- Capítulo VII.- Alonso de Ojeda y Caonabo.-- Capítulo VIII.- Regreso del Almirante a España.--
_tCapítulo IX.- El primer almirante vuelve de Europa.-- Capítulo X.- Cuarto y último viaje del Almirante.-- Capítulo XI. Estado de la Colonia.-- Capítulo XII.- Gobierno de D. Diego Colón.-- Capítulo XIII.- Sucesos importantes..-- Capítulo XIV.- Estado de la Isla en 1534.-- Capítulo XV.- Invasión Inglesa.-- Capítulo XVI.- Decadencia de la Colonia y sucesos más importantes de esa época.-- Capítulo XVII. Se acentúa la división de la Isla en dos Colonias.-- Capítulo XVIII.- Período de las invasiones francesas.-- Capítulo XIX.- Consecuencias del tratado de Ryswick.--
_tCapítulo XX.- Continúa la prosperidad de la Colonia. Capítulo XXI.- Acontecimientos que anteceden a la desaparición de la Colonia española.-- Capítulo XXII.- Período colonial francés e invasión de Toussaint.-- Capítulo XXIII.- Continuación del período colonial francés.-- Capítulo XIV.- Gestiones del Gobernador Ferrand.-- Capítulo XXV.- Período de la España Boba.-- Capítulo XXVI.- Proclamación de la Independencia por D. José Núñez de Cáceres.-- Capítulo XXVII.-- Ocupación Haitiana.-- Capítulo XVIII.- Últimos días de la ocupación haitiana.--
_tCapítulo XXIX.- Período de la Independencia.-- Capítulo XXX.- Continuación del período de la Independencia.-- Capítulo XXXI.- Continuación del Gobierno del General Santana.-- Capítulo XXXII.- Nuevos acontecimientos.-- Capítulo XXXIII.- Nuevos rumbos.-- Capítulo XXXIV.- Nueva invasión haitiana.-- Capítulo XXXV.- Resolución del 7 de julio.-- Capítulo XXXVI.- Hacia la esclavitud.-- Capítulo XXXVII.- Período de la anexión.--
_tCapítulo XXXVIII.- Restauración.-- Capítulo XXXIX.- Gobierno provisional restaurador.-- Capítulo XL.- Recrudecimiento de la guerra.-- Capítulo XLI.- Últimos tiempos de la campaña restauradora.-- Capítulo XLII.- Segunda República.-- Capítulo XLIII.- Luchas partidaristas.-- Capítulo XLIV.- Período de los Seis. Años.-- Capítulo XLV.- Revolución unionista. Rojos y azules.-- Capítulo XLVI.- Gobierno de Espaillat.-- Capítulo XLVII.- Nuevos gobiernos constitucionales e interinos.-- Capítulo XLVIII.- Gobiernos azules.-- Capítulo XLIX.- Sucesivos períodos Presidenciales del Gral. Heureaux.--
_tCapítulo L.- Gobierno del General Figuereo.-- Capítulo LI.- Días de libertad.-- Capítulo LII.- Bolos y Colúos.-- Capítulo LIII.- Resultados de la Revolución.-- Capítulo LIV.- Gobierno constitucional del Presidente Morales.-- Capítulo LV.- Segunda administración del General Cáceres.-- LVI.-- Gobierno del General Bordas Valdés.-- Capítulo LVII.-- Gobierno interino del Doctor Báez.-- Capítulo LVIII.- Gobierno de D. Juan Isidro Jiménez.-- Capítulo LIX.- Ejercicio del Consejo de Secretarios de Estado.-- Capítulo LX.- Gobierno del Doctor Francisco Henríquez y Carvajal.
_tApéndice.-- Síntesis Cronológica, 1916-1986.
590 _aInventariado 2023 / MF
700 2 _aRodríguez Demorizi, Emilio,
_d1908-1986
_91039
942 _2ddc
_cLBS1
999 _c26793
_d26793